Maximun entropy measurement error estimates of singular covariance matrices in undersized samples (Registro nro. 26330)
[ vista simple ]
| 000 -LEADER | |
|---|---|
| fixed length control field | 00381 a2200109 4500 |
| 001 - CONTROL NUMBER | |
| control field | ART_12401 |
| 005 - DATE AND TIME OF LATEST TRANSACTION | |
| control field | 20260410161906.0 |
| 008 - FIXED-LENGTH DATA ELEMENTS--GENERAL INFORMATION | |
| fixed length control field | 260409a |
| 100 1# - MAIN ENTRY--PERSONAL NAME | |
| Personal name | Vinod, H.D. |
| 245 10 - TITLE STATEMENT | |
| Title | Maximun entropy measurement error estimates of singular covariance matrices in undersized samples |
| 773 0# - HOST ITEM ENTRY | |
| Title | Journal of econometrics |
| Related parts | - Vol. 20, Nº 2 (nov. 1982) |
| Record control number | REV11720 |
No hay ítems disponibles.